Geschichte der byzantinischen litteratur von Justinian bis zum ende des Oströmischen reiches (527-1453) / (Record no. 156682)

MARC details
000 -LEADER
campo de control de longitud fija 01185nam a2200253 i 4500
001 - NÚMERO DE CONTROL
campo de control 156682
003 - IDENTIFICADOR DE NÚMERO DE CONTROL
campo de control ES-MaACL
005 - FECHA Y HORA DE LA ÚLTIMA TRANSACCIÓN
campo de control 20250801090710.0
008 - DATOS DE LONGITUD FIJA--INFORMACIÓN GENERAL
campo de control de longitud fija 011011s1897 gw |||| | ger d
040 ## - FUENTE DE CATALOGACIÓN
Centro catalogador/agencia de origen CAM
Lengua de catalogación spa
Centro/agencia transcriptor CAM
100 1# - ENTRADA PRINCIPAL--NOMBRE DE PERSONA
Nombre de persona Krumbacher, Karl.
9 (RLIN) 128494
245 10 - MENCIÓN DEL TÍTULO
Título Geschichte der byzantinischen litteratur von Justinian bis zum ende des Oströmischen reiches (527-1453) /
Mención de responsabilidad, etc. von Karl Krumbacher.
250 ## - MENCION DE EDICION
Mención de edición 2. Aufl.
Resto de la mención de edición bearbeitet unter mitwirkung von A. Ehrhard, H. Gelzer.
260 ## - PUBLICACIÓN, DISTRIBUCIÓN, ETC.
Lugar de publicación, distribución, etc. München :
Nombre del editor, distribuidor, etc. C.H. Beck'sche verlagsbuchhandlung,
Fecha de publicación, distribución, etc. 1897.
300 ## - DESCRIPCIÓN FÍSICA
Extensión XX, 1193 p. ;
Dimensiones 25 cm.
490 1# - MENCIÓN DE SERIE
Mención de serie Handbuch der klassischen Altertums-Wissenschaft in systemasticher darstellung / herausgegeben von Iwan von Müller ;
Designación de volumen o secuencia 1
650 07 - PUNTO DE ACCESO ADICIONAL DE MATERIA--TÉRMINO DE MATERIA
Término de materia o nombre geográfico como elemento de entrada Literatura bizantina
Fuente del encabezamiento o término embne
9 (RLIN) 161407
700 1# - ENTRADA AGREGADA--NOMBRE PERSONAL
Nombre de persona Ehrhard, A.
9 (RLIN) 126919
700 1# - ENTRADA AGREGADA--NOMBRE PERSONAL
Nombre de persona Müller, Iwan von.
9 (RLIN) 130367
700 1# - ENTRADA AGREGADA--NOMBRE PERSONAL
Nombre de persona Gelzer, H.
9 (RLIN) 127279
830 0# - PUNTO DE ACCESO ADICIONAL DE SERIE-TÍTULO UNIFORME
Título uniforme Handbuch der klassischen Altertums-Wissenschaft in systemasticher darstellung / herausgegeben von Iwan von Müller ;
Designación de volumen o secuencia 1
9 (RLIN) 221707
852 ## - LOCALIZACIÓN
Ubicación ES-MaACL
Número de control de estantería F-15210
Nota libre - enc. piel
Encuadernación - Ed.: Es el t. IX de la serie (Neunter Band, 1. Abteilung)
Holdings
Estatus retirado Estado de pérdida Estado de daño No para préstamo Colección Biblioteca de origen Biblioteca actual Ubicación en estantería Fecha de adquisición Fuente de adquisición Total de préstamos Signatura topográfica completa Código de barras Visto por última vez Precio de reemplazo Tipo de ítem Koha
        Libros del s. XIX Biblioteca del Ateneo de Madrid Biblioteca del Ateneo de Madrid Sala Pecera Planta 2 17/01/2008     F-15210 1163926 23/02/2023 23/02/2023 Libro impreso antiguo